000 00964nam a2200265Ia 4500
003 OSt
005 20220923211606.0
006 a|||||r|||| 00| 0
007 ta
008 220922b |||||||| |||| 00| 0 hin d
020 _a9789387889583 (hbk)
_c2499
024 _a354,203
037 _b1101, 27/12/2021, Rupa Prkashan
_cTextual
040 _aARTS
_cARTS
_bhin
041 _2hin
_ahin
082 _aNR44xN30, 152Q8
100 _aबुद्धिराजा, सुनीता, ले.
_9156389
245 0 _aरसराज पंडित जसराज
246 _aRasarāj panḍit jasarāja
260 _aनई दिल्ली
_b वाणी प्रकाशन
_c2018
300 _a534पृ.
_ccm.
650 _aसंगीत शास्त्र
942 _hNR44xN30, 152Q8
_cTEXL
_2CC
999 _c301136
_d301136